000 00388nam a2200145Ia 4500
008 230711s9999||||xx |||||||||||||| ||und||
041 _aENG
082 _a621
_bBO-E
100 _aBowlers,Joseph E
245 0 _aEngineering properties of soil and mechanics
250 _a1st Ed.
260 _c1986
_aNew York
_bTata McGraw Hill Education Limited
650 _aCivil Engineering
942 _cBK
999 _c989
_d989